Executive training in India (Record no. 354245)

000 -LEADER
fixed length control field 00383cam a22001337a 4500
008 - FIXED-LENGTH DATA ELEMENTS--GENERAL INFORMATION
fixed length control field 180718b1979 xxu||||| |||| 00| 0 eng d
082 ## - DEWEY DECIMAL CLASSIFICATION NUMBER
Classification number K5:I29 Se75
100 ## - MAIN ENTRY--PERSONAL NAME
Personal name Sethi, Kiran
245 ## - TITLE STATEMENT
Title Executive training in India
Statement of responsibility, etc. by Kiran Sethi
260 ## - PUBLICATION, DISTRIBUTION, ETC.
Place of publication, distribution, etc. Delhi
Name of publisher, distributor, etc. Sterling
Date of publication, distribution, etc. 1979
300 ## - PHYSICAL DESCRIPTION
Extent 90p.
650 ## - SUBJECT ADDED ENTRY--TOPICAL TERM
Topical term or geographic name entry element Public relation --Legislation --India --M.P.
650 ## - SUBJECT ADDED ENTRY--TOPICAL TERM
Topical term or geographic name entry element Personnel management
Holdings
Withdrawn status Lost status Damaged status Not for loan Permanent Location Current Location Date acquired Full call number Barcode Date last seen Price effective from Koha item type
        Indian Institute of Public Administration Indian Institute of Public Administration 2010-02-02 K5:I29 Se75 54848 2018-07-21 2018-07-21 Book

Powered by Koha